Online
Catalog

La imprenta : (Record no. 20557)

MARC details
000 -CABECERA
campo de control de longitud fija 02122nam a2200397 a 4500
001 - NÚMERO DE CONTROL
campo de control 000021054
003 - IDENTIFICADOR DEL NÚMERO DE CONTROL
campo de control DO-SdBNP
005 - FECHA Y HORA DE LA ÚLTIMA TRANSACCIÓN
campo de control 20240322190118.0
006 - CÓDIGOS DE INFORMACIÓN DE LONGITUD FIJA--CARACTERÍSTICAS DEL MATERIAL ADICIONAL
campo de control de longitud fija a||||gr|||| 00| 0
007 - CAMPO FIJO DE DESCRIPCIÓN FÍSICA--INFORMACIÓN GENERAL
campo de control de longitud fija ta
008 - DATOS DE LONGITUD FIJA--INFORMACIÓN GENERAL
campo de control de longitud fija 100830e1992 dr a 000 0 spa d
040 ## - FUENTE DE LA CATALOGACIÓN
Centro catalogador/agencia de origen DO-SdBNP
Lengua de catalogación spa
Centro/agencia transcriptor BNPHU
Normas de descripción rda
082 #4 - NÚMERO DE LA CLASIFICACIÓN DECIMAL DEWEY
Número de clasificación 686
Número de documento/Ítem H557i, 1992
Número de edición 22
100 1# - ENTRADA PRINCIPAL--NOMBRE DE PERSONA
Nombre de persona Hernández, Vinicio
9 (RLIN) 2783
Término indicativo de función/relación autor
245 13 - MENCIÓN DE TÍTULO
Título La imprenta :
Resto del título su evolución ligada al desarrollo de los pueblos /
Mención de responsabilidad, etc. Vinicio Hernández ; prólogo, Haffe Serulle; ilustraciones, Leonor Bello y Juan Domingo Díaz.
250 ## - MENCIÓN DE EDICIÓN
Mención de edición 2a edición
264 ## - PRODUCCIÓN, PUBLICACIÓN, DISTRIBUCIÓN, FABRICACIÓN Y COPYRIGHT
Producción, publicación, distribución, fabricación y copyright Santo Domingo :
Nombre del de productor, editor, distribuidor, fabricante Tele-3,
Fecha de producción, publicación, distribución, fabricación o copyright 1992.
300 ## - DESCRIPCIÓN FÍSICA
Extensión 209 páginas :
Otras características físicas Ilustraciones, retratos ;
Dimensiones 28 cm.
336 ## - TIPO DE CONTENIDO
Fuente rdacontent
Término de tipo de contenido texto
Código de tipo de contenido txt
337 ## - TIPO DE MEDIO
Fuente rdamedia
Nombre/término del tipo de medio sin mediación
Código del tipo de medio n
338 ## - TIPO DE SOPORTE
Fuente rdacarrier
Nombre/término del tipo de soporte volumen
Código del tipo de soporte nc
500 ## - NOTA GENERAL
Nota general Incluye datos biográficos del autor en la solapa de la cubierta.
500 ## - NOTA GENERAL
Nota general Incluye términos técnicos en artes gráficas, páginas 169 - 212.
504 ## - NOTA DE BIBLIOGRAFÍA, ETC.
Nota de bibliografía, etc. Bibliografía: páginas 213 - 2014.
505 2# - NOTA DE CONTENIDO CON FORMATO
Nota de contenido con formato ASPECTOS GENERALES SOBRE LA INDUSTRIA GRAFICA -- Origen y evolución de la industria gráfica -- EL ESPEJISMO DEL PAPEL -- Las diferentes etapas del papel -- LA IMPORTANCIA DEL COLOR -- El color en el proceso de impresión -- EL PROCESO DE LA IMPRESION MODERNA -- De la entrega del original al impreso -- LAS PLANCHAS OFFSET -- Procesado de planchas para offset -- EL CAUCHO AL SERVICIO DE LA IMPRESION OFFSET -- Las mantillas de caucho en la impresión offset -- LOS PASOS DE LA IMPRESION -- Indicaciones básicas para la impresión -- LOS PROBLEMAS EN LA TIRADA -- Causas y soluciones de los problemas en la tirada -- La magia de la imposición.
590 ## - NOTA LOCAL (RLIN)
Nota local Inventariado 2023 / MF
650 #4 - PUNTO DE ACCESO ADICIONAL DE MATERIA--TÉRMINO DE MATERIA
Término de materia o nombre geográfico como elemento de entrada Impresión (artes gráficas)
9 (RLIN) 44034
650 #4 - PUNTO DE ACCESO ADICIONAL DE MATERIA--TÉRMINO DE MATERIA
Término de materia o nombre geográfico como elemento de entrada Industria gráfica
9 (RLIN) 44035
650 #4 - PUNTO DE ACCESO ADICIONAL DE MATERIA--TÉRMINO DE MATERIA
Término de materia o nombre geográfico como elemento de entrada Artes gráficas
Subdivisión general Ténica
9 (RLIN) 44036
650 #4 - PUNTO DE ACCESO ADICIONAL DE MATERIA--TÉRMINO DE MATERIA
Término de materia o nombre geográfico como elemento de entrada Imprenta
9 (RLIN) 5083
650 #4 - PUNTO DE ACCESO ADICIONAL DE MATERIA--TÉRMINO DE MATERIA
Término de materia o nombre geográfico como elemento de entrada Impresión offset
9 (RLIN) 44037
700 1# - PUNTO DE ACCESO ADICIONAL--NOMBRE DE PERSONA
Nombre de persona Serulle, Haffe,
Fechas asociadas al nombre 1947-
Término indicativo de función/relación pról.
9 (RLIN) 22959
700 ## - PUNTO DE ACCESO ADICIONAL--NOMBRE DE PERSONA
Nombre de persona Bello, Leonor,
Término indicativo de función/relación ilustrador
9 (RLIN) 7178
700 1# - PUNTO DE ACCESO ADICIONAL--NOMBRE DE PERSONA
Nombre de persona Domingo Díaz, Juan,
Término indicativo de función/relación ilustrador
9 (RLIN) 84691
942 ## - ELEMENTOS DE PUNTO DE ACCESO ADICIONAL (KOHA)
Fuente del sistema de clasificación o colocación Dewey Decimal Classification
Tipo de ítem Koha Libro
Holdings
Estado de retiro Estado de pérdida Fuente del sistema de clasificación o colocación Restricciones de uso No para préstamo Código de colección Localización permanente Ubicación/localización actual Ubicación en estantería Fecha de adquisición Total de préstamos Signatura topográfica completa Código de barras Fecha visto por última vez Precio válido a partir de Tipo de ítem Koha Número de copia
    Dewey Decimal Classification Excluido de préstamo   Patrimonio Dominicano Biblioteca Nacional Pedro Henríquez Ureña Biblioteca Nacional Pedro Henríquez Ureña Depósito 30.08.2010   686 H557i, 1992 21054-10 25.06.2020 25.06.2020 Libro  
    Dewey Decimal Classification Excluido de préstamo   Patrimonio Dominicano Biblioteca Nacional Pedro Henríquez Ureña Biblioteca Nacional Pedro Henríquez Ureña En catalogación 30.08.2010   686 H557i, 1992 21054-20 25.06.2020 25.06.2020 Libro e. 2

Powered by Koha